|
|
|
|
| LEADER |
01767nam a2200409 i 4500 |
| 001 |
EBC5985011 |
| 003 |
MiAaPQ |
| 005 |
20191220100816.0 |
| 006 |
m o d | |
| 007 |
cr cnu|||||||| |
| 008 |
191220s2020 nyua o 000 0 eng d |
| 020 |
|
|
|z 9781949991789
|
| 020 |
|
|
|a 9781949991796 (e-book)
|
| 035 |
|
|
|a (MiAaPQ)EBC5985011
|
| 035 |
|
|
|a (Au-PeEL)EBL5985011
|
| 035 |
|
|
|a (OCoLC)1129215420
|
| 040 |
|
|
|a MiAaPQ
|b eng
|e rda
|e pn
|c MiAaPQ
|d MiAaPQ
|
| 050 |
|
4 |
|a HD30.2
|b .P334 2020
|
| 082 |
0 |
|
|a 658.4038
|2 23
|
| 100 |
1 |
|
|a Pachory, Ashish,
|e author.
|
| 245 |
1 |
0 |
|a Mastering the 7 dimensions of business-technology alignment /
|c Ashish Pachory.
|
| 246 |
3 |
|
|a Mastering the seven dimensions of business-technology alignment
|
| 264 |
|
1 |
|a New York, New York :
|b Business Expert Press,
|c [2020]
|
| 264 |
|
4 |
|c 2020
|
| 300 |
|
|
|a 1 online resource (xiii, 195 pages) :
|b illustrations.
|
| 336 |
|
|
|a text
|b txt
|2 rdacontent
|
| 337 |
|
|
|a computer
|b c
|2 rdamedia
|
| 338 |
|
|
|a online resource
|b cr
|2 rdacarrier
|
| 490 |
1 |
|
|a Information systems collection
|
| 588 |
|
|
|a Description based on print version record.
|
| 590 |
|
|
|a Electronic reproduction. Ann Arbor, MI : ProQuest, 2018. Available via World Wide Web. Access may be limited to ProQuest affiliated libraries.
|
| 650 |
|
0 |
|a Information technology
|x Management.
|
| 655 |
|
4 |
|a Electronic books.
|
| 776 |
0 |
8 |
|i Print version:
|a Pachory, Ashish.
|t Mastering the 7 dimensions of business-technology alignment.
|d New York, New York : Business Expert Press, c2020
|h xiii, 195 pages
|k Information systems collection.
|z 9781949991789
|
| 797 |
2 |
|
|a ProQuest (Firm)
|
| 830 |
|
0 |
|a Information systems collection.
|
| 856 |
4 |
0 |
|u https://ebookcentral.proquest.com/lib/matrademy/detail.action?docID=5985011
|z Click to View
|